000
00320nam a2200121Ia 4500
008
150201s2002 xx 000 0 und d
082
_a
616.07
_b
H02P
100
_a
PROVAN,DREW
245
_a
OXFORD HAND BOOK OF CLINICAL LABORATORY INVESTIGATION
260
_b
OXFORD
_a
NEW YORK
_c
2002
650
_a
PATHOLOGY
942
_2
ddc
_c
BK
999
_c
796
_d
796